MARC

LEADER 00000nam0a2200000 4500
001 58158
005 20231031054817.0
035 |a (RuTPU)RU\TPU\book\61406 
090 |a 58158 
100 |a 20031124d1964 k y0rusy50 ca 
101 0 |a rus 
102 |a RU 
105 |a a z 001zy 
200 1 |a Узлы радиоаппаратуры. Общие основы конструирования  |f А. Д. Фролов 
210 |a Москва  |a Ленинград  |c Энергия  |d 1964 
215 |a 470 с.  |c ил. 
320 |a Библиогр.: с. 466-467. 
610 1 |a радиотехника 
610 1 |a радиоаппаратура 
610 1 |a детали 
610 1 |a узлы 
610 1 |a конструкции 
610 1 |a расчеты 
610 1 |a технические условия 
610 1 |a линейные цепи 
610 1 |a выходные параметры 
610 1 |a допуски 
610 1 |a качество 
675 |a 621.396.6  |v 3 
700 1 |a Фролов  |b А. Д.  |g Алексей Дмитриевич 
801 1 |a RU  |b 63413507  |c 20031124  |g PSBO 
801 2 |a RU  |b 63413507  |c 20211007  |g PSBO 
942 |c BK